Gewöhnliche Differentialgleichungen ; Studienbuch für Studierende der Mathematik und aller Naturwissenschaften /

Guardado en:
Autor Principal: Peyerimhoff, Alexander, 1926-
Formato: Libro
Idioma:German
Publicado: Frankfurt am Main : Akademische Verlagsgesellschaft, 1970.
Series:Studien-Texte
Materias:
Etiquetas: Agregar Etiqueta
Sin Etiquetas, Sea el primero en etiquetar este registro!
LEADER 00866nam a22002171a 4500
001 MAT.inmabb004768
008 790515s1970####gw#a#####b####001#0#ger##
005 20170503151521.0
245 1 0 |a Gewöhnliche Differentialgleichungen ;  |b Studienbuch für Studierende der Mathematik und aller Naturwissenschaften /  |c Alexander Peyerimhoff ; herausgegeben von Hans Wolter. 
260 |a Frankfurt am Main :  |b Akademische Verlagsgesellschaft,  |c 1970. 
300 |a 2 v. (xi, vii, 336 p.) :  |b il. ;  |c 22 cm. 
490 0 |a Studien-Texte 
504 |a Incluye referencias bibliográficas. 
510 4 |a MR,  |c 41 #8738 
100 1 |a Peyerimhoff, Alexander,  |d 1926- 
650 0 |a Differential equations. 
084 |a 34-01  |2 MR 
010 |a  75540286  
040 |a DLC  |c DLC  |d DLC 
859 |h 34  |i P515  |p A-4527  |v I  |3 vol. 1  |b BIB. MATEMATICA 
859 |h 34  |i P515  |p A-4528  |v II  |3 vol. 2  |b BIB. MATEMATICA